Normal view
MARC view
- Shaw, Bernard
Entry Personal Name
001 - CONTROL NUMBER
- control field: 88908
003 - CONTROL NUMBER IDENTIFIER
- control field: NUST
005 - DATE AND TIME OF LATEST TRANSACTION
- control field: 20220210103834.0
008 - FIXED-LENGTH DATA ELEMENTS
- fixed length control field: 220210|| aca||aabn | a|a d
040 ## - CATALOGING SOURCE
- Original cataloging agency: NUST
- Transcribing agency: NUST
100 ## - HEADING--PERSONAL NAME
- Personal name: Shaw, Bernard
670 ## - SOURCE DATA FOUND
- Source citation: Work cat.: (NUST)586213: Shaw, Bernard , Man And Superman, 2014.
